Cat Breeds - Statistics

General Stats
  • This quiz has been taken 10 times
  • The average score is 10 of 15
Answer Stats
Picture Answer % Correct
Persian
100%
Siamese
100%
British shorthair
89%
Ragdoll
78%
Sphynx
78%
Burmese
67%
Cornish rex
67%
Manx
67%
Russian blue
67%
Scottish fold
67%
Bengal
44%
Bombay
44%
Japanese bobtail
44%
Norwegian forest cat
44%
Main coon
33%
No matching quizzes found
Score Distribution
Percent of People with Each Score
Percentile by Number Answered
Your Score History
You have not taken this quiz